Strategic management : (Record no. 179014)
[ view plain ]
| 000 -LEADER | |
|---|---|
| fixed length control field | 00876nam a2200241 4500 |
| 001 - CONTROL NUMBER | |
| control field | vtls001758260 |
| 003 - CONTROL NUMBER IDENTIFIER | |
| control field | MY-SjTCS |
| 005 - DATE AND TIME OF LATEST TRANSACTION | |
| control field | 20200226121227.0 |
| 008 - FIXED-LENGTH DATA ELEMENTS--GENERAL INFORMATION | |
| fixed length control field | 110218t2000 at 00 eng |
| 020 ## - INTERNATIONAL STANDARD BOOK NUMBER | |
| International Standard Book Number | 0733905951 |
| 039 #9 - LEVEL OF BIBLIOGRAPHIC CONTROL AND CODING DETAIL [OBSOLETE] | |
| Level of rules in bibliographic description | 201908271318 |
| Level of effort used to assign nonsubject heading access points | ummi |
| Level of effort used to assign subject headings | 201102181440 |
| Level of effort used to assign classification | VLOAD |
| Level of effort used to assign subject headings | 200412221053 |
| Level of effort used to assign classification | ramlah |
| -- | 200407271909 |
| -- | VLOAD |
| 082 04 - DEWEY DECIMAL CLASSIFICATION NUMBER | |
| Classification number | 658.4012 |
| Item number | VIL |
| 100 1# - MAIN ENTRY--PERSONAL NAME | |
| Personal name | Viljoen, John. |
| 9 (RLIN) | 2912 |
| 245 10 - TITLE STATEMENT | |
| Title | Strategic management : |
| Remainder of title | planning and implementing successful corporate strategies / |
| Statement of responsibility, etc. | John Viljoen, Susan Dann |
| 250 ## - EDITION STATEMENT | |
| Edition statement | 3rd ed. |
| 260 ## - PUBLICATION, DISTRIBUTION, ETC. | |
| Place of publication, distribution, etc. | Frenchs Forest, N.S.W. : |
| Name of publisher, distributor, etc. | Pearson Education Australia, |
| Date of publication, distribution, etc. | 2000 |
| 300 ## - PHYSICAL DESCRIPTION | |
| Extent | xiv, 634 p. ; |
| Dimensions | 23 cm. |
| 590 ## - LOCAL NOTE (RLIN) | |
| Local note | Australian Degree Programme : 21193T |
| 650 #0 - SUBJECT ADDED ENTRY--TOPICAL TERM | |
| Topical term or geographic name entry element | Business planning |
| 650 #0 - SUBJECT ADDED ENTRY--TOPICAL TERM | |
| Topical term or geographic name entry element | Strategic planning |
| 700 1# - ADDED ENTRY--PERSONAL NAME | |
| Personal name | Dann, Susan J. |
| Relator term | (j.a.) |
| 9 (RLIN) | 10372 |
| 920 ## - Programme | |
| Programme | AUDP : 55082, 55083, 55084, 55085, 55086, 55087 |
| Withdrawn status | Lost status | Source of classification or shelving scheme | Damaged status | Not for loan | Home library | Current library | Date acquired | Total Checkouts | Barcode | Date last seen | Date last checked out | Copy number | Koha item type | Public note | Uniform Resource Identifier |
|---|---|---|---|---|---|---|---|---|---|---|---|---|---|---|---|
| Withdrawn | Dewey Decimal Classification | Taylor's Library-TU | Taylor's Library-TU | 27/07/2004 | 1 | 1000036202 | 12/12/2019 | 01/02/2010 | 1 | Main Collection | TBSxx,34007,03,GR | ||||
| Dewey Decimal Classification | Taylor's Library-TU | Taylor's Library-TU | 27/07/2004 | 4 | 5000012036 | 12/12/2019 | 05/11/2016 | 1 | Main Collection | TBSxx,18002,03,GR | Floor 4, Shelf 25 , Side 2, TierNo 3, BayNo 1 | ||||
| Withdrawn | Dewey Decimal Classification | Taylor's Library-TU | Taylor's Library-TU | 27/07/2004 | 9 | 5000012035 | 12/12/2019 | 14/10/2013 | 1 | Main Collection | TBSxx,34002,03,GR | Floor 4, Shelf 25 , Side 2, TierNo 3, BayNo 1 | |||
| Withdrawn | Dewey Decimal Classification | Taylor's Library-TU | Taylor's Library-TU | 27/07/2004 | 17 | 1000036110 | 12/12/2019 | 09/05/2012 | 1 | Main Collection | TBSxx,34007,03,GR | ||||
| Withdrawn | Dewey Decimal Classification | Taylor's Library-TU | Taylor's Library-TU | 27/07/2004 | 6 | 5000012038 | 12/12/2019 | 26/09/2017 | 1 | Main Collection | TBSxx,18002,03,GR | Floor 4, Shelf 25 , Side 2, TierNo 3, BayNo 1 | |||
| Withdrawn | Dewey Decimal Classification | Taylor's Library-TU | Taylor's Library-TU | 27/07/2004 | 4 | 5000012014 | 12/12/2019 | 26/10/2015 | 1 | Main Collection | TBSxx,34001,03,GR | Floor 4, Shelf 25 , Side 2, TierNo 3, BayNo 1 |